| 000 | 00809nam a2200217Ia 4500 | ||
|---|---|---|---|
| 999 |
_c13570 _d13570 |
||
| 082 | _aRP.0255 | ||
| 100 | _aPandey, Rajkumar | ||
| 245 | 0 | _aEmpowerment of dalit women through government programme in Bihar (a case study of drought prone area of Nawadah district) | |
| 260 |
_c2003 _bIndian Council of Social Science Research, New Delhi |
||
| 300 | _a140p. | ||
| 500 | _aAcc No. 44646 (revised ed.) | ||
| 504 | _aincludes bibliography | ||
| 650 |
_aWomen _vEmployment _zNawadah District (Bihar) |
||
| 650 | _aEmancipation of women | ||
| 650 |
_aWomen in development _zNawadah District (Bihar) |
||
| 650 |
_aUntouchables _zNawadah District (Bihar) |
||
| 650 |
_aDalits _zBihar |
||
| 650 |
_aWomen's rights _zNawadah District (Bihar) |
||
| 650 | _aDrought Prone Areas Programme (DPAP) | ||
| 942 |
_cRP _2ddc |
||